[Event "SR 5. liga SE-SI 2013/2014"]
[Site "?"]
[Date "2013.10.26"]
[Round "2.3"]
[White "Sladek, Michal"]
[Black "Jarabek, Milan"]
[Result "0-1"]
[WhiteElo "1241"]
[BlackElo "1744"]
[PlyCount "56"]
[EventDate "2013.??.??"]

1. e4 c5 2. Nc3 Nc6 3. Nf3 d6 4. Bb5 a6 5. Bxc6+ bxc6 6. O-O Bg4 7. h3 Bh5 8.
g4 Bg6 9. d3 d5 10. Ne5 Qd6 11. Nxg6 hxg6 12. Kg2 O-O-O 13. Qf3 f5 14. Bf4 e5
15. Bg5 Be7 16. Bxe7 Nxe7 17. Rfe1 Rh4 18. Qg3 Rdh8 19. Rh1 Qe6 20. exf5 gxf5
21. gxf5 Nxf5 22. Qf3 Qg6+ 23. Kf1 Rf4 24. Rg1 Qxg1+ 25. Kxg1 Rxf3 26. Re1
Rfxh3 27. Rxe5 Nd4 28. Rg5 Nf3+ 0-1

[Event "SR 5. liga SE-SI 2013/2014"]
[Site "?"]
[Date "2013.10.26"]
[Round "2.3"]
[White "Spanik, Ondrej"]
[Black "Cambal, Peter"]
[Result "1/2-1/2"]
[WhiteElo "1230"]
[BlackElo "1014"]
[PlyCount "69"]
[EventDate "2013.??.??"]

1. e4 c5 2. Nf3 d6 3. Nc3 Nf6 4. d4 cxd4 5. Nxd4 e5 6. Nf3 h6 7. Be3 Be7 8. Bc4
O-O 9. h3 Qc7 10. b3 a6 11. O-O b5 12. Nd5 Nxd5 13. Bxd5 Nc6 14. Bxc6 Qxc6 15.
Qd5 Bb7 16. Qxc6 Bxc6 17. Nd2 f5 18. exf5 Rxf5 19. g4 Rff8 20. f4 e4 21. c4
Rac8 22. Rae1 Rfe8 23. Re2 Bh4 24. f5 Rcd8 25. Bf2 Bg5 26. Rfe1 Bxd2 27. Rxd2
a5 28. cxb5 Bxb5 29. Rd5 Bc6 30. Rxa5 d5 31. Ra6 Bb7 32. Re6 Rf8 33. Rd1 Rf7
34. Bb6 Rc8 35. Rd2 1/2-1/2

[Event "SR 5. liga SE-SI 2013/2014"]
[Site "?"]
[Date "2013.10.26"]
[Round "2.3"]
[White "Svrcek, Daniel"]
[Black "Spacek, Jan"]
[Result "1/2-1/2"]
[WhiteElo "1000"]
[BlackElo "1104"]
[PlyCount "189"]
[EventDate "2013.??.??"]

1. e4 e5 2. Nf3 Nc6 3. Bc4 Bc5 4. O-O d6 5. d3 Bg4 6. Nbd2 Nf6 7. b3 Qe7 8. Bb2
O-O-O 9. Qe1 g6 10. Ng5 Be6 11. Ndf3 h6 12. Nxe6 fxe6 13. Rd1 h5 14. Ng5 d5 15.
Bb5 Nd4 16. Bxd4 Bxd4 17. c3 Bb6 18. Qd2 c6 19. Ba4 dxe4 20. Qe2 Ng4 21. Nh3
exd3 22. Rxd3 Rxd3 23. Qxd3 Rg8 24. Qg3 Bc7 25. c4 e4 26. Qc3 Bxh2+ 27. Kh1 Be5
28. Qa5 Bd4 29. Qd2 Qd6 30. g3 Rf8 31. c5 Qd5 32. Kg1 Qe5 33. Nf4 Rf6 34. Qe2
Qf5 35. b4 e5 36. Nh3 h4 37. gxh4 Qh5 38. Bd1 Nh6 39. Qxh5 gxh5 40. Bxh5 Rf5
41. Bg6 Rf8 42. Bxe4 Rg8+ 43. Ng5 Nf7 44. Bg2 Nxg5 45. hxg5 Rxg5 46. Kh2 Bc3
47. Bh3+ Kd8 48. Rd1+ Ke8 49. Bd7+ Kf7 50. Bh3 Bxb4 51. Rd7+ Kg6 52. Rd6+ Kh7
53. Rd7+ Rg7 54. Bf5+ Kh6 55. Rd3 Rg5 56. Rh3+ Rh5 57. Rxh5+ Kxh5 58. Kg3 Bxc5
59. Bc8 Be7 60. Bxb7 c5 61. Bf3+ Kg5 62. a4 Bd6 63. Be2 e4+ 64. Kg2 Kf4 65. a5
Be5 66. Kf1 Bc3 67. Bb5 Bxa5 68. Kg2 e3 69. Kf1 exf2 70. Kxf2 Ke4 71. Ke2 Kd4
72. Kd1 c4 73. Ba4 Bb4 74. Bc2 a5 75. Kc1 Kc5 76. Kd1 Ba3 77. Kd2 Kb4 78. Kd1
Kc3 79. Ba4 Bb2 80. Ke1 Kb4 81. Bc2 a4 82. Kd1 a3 83. Bb1 c3 84. Kc2 Kc4 85.
Ba2+ Kd4 86. Bb3 Ke3 87. Ba2 Ke2 88. Bc4+ Ke1 89. Ba2 Ba1 90. Bc4 Kf2 91. Bb3
Ke3 92. Ba2 Kd4 93. Bb3 Kc5 94. Ba2 Kb4 95. Bb3 1/2-1/2

[Event "SR 5. liga SE-SI 2013/2014"]
[Site "?"]
[Date "2013.10.26"]
[Round "2.3"]
[White "Sefcik, Oliver"]
[Black "Parizek, Ondrej"]
[Result "1/2-1/2"]
[WhiteElo "1000"]
[BlackElo "1000"]
[PlyCount "55"]
[EventDate "2013.??.??"]

1. e4 e5 2. Nf3 Nc6 3. Bc4 Nf6 4. Ng5 Qe7 5. Nxf7 Rg8 6. Ng5 Rh8 7. Nc3 d6 8.
h3 Bd7 9. d3 O-O-O 10. Be3 Re8 11. O-O h6 12. Nf3 Be6 13. Bxe6+ Qxe6 14. Re1 d5
15. exd5 Nxd5 16. Nxd5 Qxd5 17. c4 Qf7 18. Rc1 Qe6 19. Qa4 e4 20. dxe4 Qxe4 21.
Rc3 Bb4 22. Rcc1 Bxe1 23. Rxe1 Rd8 24. Qb3 Na5 25. Qc3 Nxc4 26. Bxa7 Qf4 27.
Be3 Nxe3 28. fxe3 1/2-1/2

[Event "SR 5. liga SE-SI 2013/2014"]
[Site "?"]
[Date "2013.10.26"]
[Round "2.4"]
[White "Mysicka, Miroslav"]
[Black "Huska, Branislav"]
[Result "1/2-1/2"]
[WhiteElo "1853"]
[BlackElo "1575"]
[PlyCount "44"]
[EventDate "2013.??.??"]

1. e4 c5 2. Nf3 d6 3. Nc3 g6 4. d4 cxd4 5. Nxd4 Bg7 6. Bc4 Nc6 7. Be3 Nf6 8. h3
a6 9. a3 O-O 10. O-O e5 11. Nf3 b5 12. Bb3 Bb7 13. Bg5 Na5 14. Bd5 Rc8 15. Qd3
Qc7 16. Bxf6 Bxf6 17. Bxb7 Qxb7 18. Qxd6 Bg7 19. Qd3 Rfd8 20. Qe2 Nc4 21. Nd1
Nd2 22. Nc3 Nxf1 1/2-1/2

[Event "SR 5. liga SE-SI 2013/2014"]
[Site "?"]
[Date "2013.10.26"]
[Round "2.4"]
[White "Macalka, Ondrej"]
[Black "Sukopcak, Miroslav"]
[Result "1/2-1/2"]
[WhiteElo "1492"]
[BlackElo "1668"]
[PlyCount "80"]
[EventDate "2013.??.??"]

1. e4 c5 2. Nf3 d6 3. c3 e5 4. d4 cxd4 5. cxd4 exd4 6. Nxd4 a6 7. Bd3 Be7 8.
Nc3 Bf6 9. Nde2 Nc6 10. O-O Nge7 11. Qc2 Be6 12. Be3 O-O 13. g3 Rc8 14. Rad1
Ng6 15. f4 Bg4 16. e5 Bxe2 17. Bxe2 Be7 18. Bc5 Nb8 19. Bxd6 Bxd6 20. Rxd6 Qc7
21. Qe4 Qc5+ 22. Kh1 Nc6 23. Rd5 Qe7 24. Rfd1 Rc7 25. Bd3 Rd8 26. Rxd8+ Nxd8
27. Nd5 Qd7 28. Nxc7 Qxc7 29. Bc4 Nf8 30. Qd5 Nde6 31. f5 b5 32. Bb3 Nf4 33.
Qe4 Nh5 34. e6 Nf6 35. exf7+ Kh8 36. Qe8 Qc5 37. Be6 Ne4 38. Rf1 Nf2+ 39. Kg1
Nh3+ 40. Kh1 Nf2+ 1/2-1/2

[Event "SR 5. liga SE-SI 2013/2014"]
[Site "?"]
[Date "2013.10.26"]
[Round "2.4"]
[White "Lauko, Tomas"]
[Black "Cibula, Jozef"]
[Result "1-0"]
[WhiteElo "1421"]
[BlackElo "1335"]
[PlyCount "79"]
[EventDate "2013.??.??"]

1. e4 e6 2. c3 d5 3. e5 Nc6 4. d4 f6 5. Nf3 fxe5 6. Nxe5 Nxe5 7. dxe5 Bc5 8.
Qh5+ g6 9. Qg4 Qe7 10. Bg5 Qf7 11. f3 Bd7 12. Nd2 h6 13. Qh4 Qg7 14. Bf6 Nxf6
15. exf6 Qf7 16. f4 O-O-O 17. g4 g5 18. fxg5 hxg5 19. Qxg5 Rdg8 20. Qf4 Bd6 21.
Qf3 Rg6 22. O-O-O Rxf6 23. Qe3 b6 24. Ba6+ Kb8 25. h4 Qg6 26. Be2 Ba4 27. Bd3
Qxg4 28. Rdg1 Qf4 29. Qh3 Qe5 30. Rg4 Rf4 31. Rxf4 Qxf4 32. Qxe6 Re8 33. Qxd5
Qe3 34. Be4 Rxe4 35. Qxe4 Qc5 36. Qxa4 Qd5 37. Re1 b5 38. Qe4 Qxa2 39. Qe8+ Kb7
40. Qxb5+ 1-0

[Event "SR 5. liga SE-SI 2013/2014"]
[Site "?"]
[Date "2013.10.26"]
[Round "2.4"]
[White "Petras, Michal"]
[Black "Rehak, Miroslav"]
[Result "0-1"]
[WhiteElo "1268"]
[BlackElo "1438"]
[PlyCount "88"]
[EventDate "2013.??.??"]

1. e4 d6 2. d4 e6 3. Nc3 c6 4. Nf3 Be7 5. Bc4 Nd7 6. d5 e5 7. dxc6 bxc6 8. O-O
a5 9. Re1 Nb6 10. Be2 Nf6 11. Bg5 O-O 12. Qd3 Ba6 13. Qd2 Bxe2 14. Rxe2 Nh5 15.
Bxe7 Qxe7 16. Qg5 Qxg5 17. Nxg5 Nf4 18. Ree1 h6 19. Nf3 Rfd8 20. b3 Kf8 21. Nh4
g6 22. g3 Ne6 23. Rad1 Nd4 24. Rd2 g5 25. Ne2 Nxe2+ 26. Rexe2 gxh4 27. gxh4 Ke7
28. Re3 Rg8+ 29. Rg3 c5 30. c4 a4 31. Rdd3 axb3 32. axb3 Rg6 33. Rxg6 fxg6 34.
Kg2 Rf8 35. Kg3 Rf4 36. f3 Nd7 37. Re3 Nf6 38. Kh3 Nh5 39. Rd3 Rxe4 40. fxe4
Nf4+ 41. Kg3 Nxd3 42. h3 Nc1 43. Kg4 Nxb3 44. h5 Kf6 0-1

[Event "SR 5. liga SE-SI 2013/2014"]
[Site "?"]
[Date "2013.10.26"]
[Round "2.4"]
[White "Drozd, Jan"]
[Black "Kridl, Oliver"]
[Result "1-0"]
[WhiteElo "1574"]
[BlackElo "1250"]
[PlyCount "79"]
[EventDate "2013.??.??"]

1. d4 e6 2. c4 d6 3. Nc3 Nf6 4. Bg5 h6 5. Bh4 g5 6. Bg3 Bg7 7. e3 b6 8. Nf3 Bb7
9. Bd3 Nbd7 10. O-O Qe7 11. e4 O-O-O 12. a4 Nf8 13. a5 Kd7 14. axb6 axb6 15.
Ra7 Rb8 16. d5 Ng6 17. Qa4+ Kc8 18. Nb5 Nh5 19. b4 Nhf4 20. Qc2 h5 21. Nfd4
Bxd4 22. Nxd4 h4 23. Bxf4 gxf4 24. Nc6 Bxc6 25. dxc6 Ne5 26. b5 Rg8 27. Kh1 h3
28. g3 Qg5 29. Be2 Ng4 30. Qa2 Kd8 31. Rxc7 Nxh2 32. Rd7+ Ke8 33. Qa7 Rd8 34.
Rxd8+ Qxd8 35. Kxh2 Qg5 36. Rg1 Qc5 37. Qd7+ Kf8 38. Qd8+ Kg7 39. gxf4+ Kh6 40.
Qh4+ 1-0

[Event "SR 5. liga SE-SI 2013/2014"]
[Site "?"]
[Date "2013.10.26"]
[Round "2.5"]
[White "Trojkova, Michaela"]
[Black "Buran, Andrej"]
[Result "1/2-1/2"]
[WhiteElo "1455"]
[BlackElo "1392"]
[PlyCount "60"]
[EventDate "2013.??.??"]

1. d4 d5 2. c4 e6 3. Nf3 Nf6 4. e3 Be7 5. Nbd2 O-O 6. Bd3 dxc4 7. Nxc4 c5 8.
O-O Nc6 9. Be2 cxd4 10. exd4 b6 11. Be3 Bb7 12. Nce5 Nxe5 13. Nxe5 Nd7 14. Nf3
Bd6 15. Qd3 e5 16. dxe5 Nxe5 17. Nxe5 Bxe5 18. Qb5 Qd5 19. Qxd5 Bxd5 20. Rfb1
Be4 21. Bf3 Bxf3 22. gxf3 Rac8 23. a4 Rc2 24. a5 Rxb2 25. axb6 axb6 26. Rxb2
Bxb2 27. Rb1 Be5 28. Rxb6 Rb8 29. Rc6 Rb1+ 30. Kg2 Rb8 1/2-1/2

[Event "SR 5. liga SE-SI 2013/2014"]
[Site "?"]
[Date "2013.10.26"]
[Round "2.5"]
[White "Jocham, Wolfgang"]
[Black "Ulehla, Jakub"]
[Result "0-1"]
[WhiteElo "1000"]
[BlackElo "1111"]
[PlyCount "112"]
[EventDate "2013.??.??"]

1. e4 e5 2. Bc4 Nf6 3. Nc3 Nc6 4. Nf3 Bb4 5. O-O O-O 6. a3 Bxc3 7. dxc3 d6 8.
h3 Be6 9. Bd5 Qd7 10. Ng5 Bxd5 11. exd5 Ne7 12. c4 c6 13. dxc6 bxc6 14. c5 d5
15. Re1 Ng6 16. b4 a6 17. Bb2 Rfe8 18. Qe2 e4 19. Rad1 Qf5 20. Bxf6 Qxf6 21. c4
Qxg5 22. cxd5 cxd5 23. Qg4 Qe5 24. Qd7 Rad8 25. Qb7 Qe6 26. Rd2 Re7 27. Qb6 Qc8
28. Rc1 Red7 29. c6 Rc7 30. Qc5 Ne7 31. a4 Rxc6 32. Qxe7 Rxc1+ 33. Kh2 Qd7 34.
Qg5 f6 35. Qf4 Qxa4 36. Rxd5 Rxd5 37. Qxc1 Rd1 38. Qc4+ Kf8 39. Qxe4 Qe8 40.
Qxh7 Qf7 41. Qc2 Rd8 42. Qe2 Qc7+ 43. g3 Qb6 44. Qb2 Rb8 45. h4 Qxb4 46. Qe2 a5
47. h5 a4 48. Qf3 a3 49. g4 a2 50. g5 Qd6+ 51. Kg2 a1=Q 52. h6 gxh6 53. gxh6
Ke7 54. h7 Qae5 55. Qh3 Qg5+ 56. Kf1 Qd1# 0-1

[Event "SR 5. liga SE-SI 2013/2014"]
[Site "?"]
[Date "2013.10.26"]
[Round "2.5"]
[White "Kaufman, Robert"]
[Black "Hrdlicka, Martin"]
[Result "0-1"]
[WhiteElo "1054"]
[BlackElo "1007"]
[PlyCount "112"]
[EventDate "2013.??.??"]

1. e4 e6 2. Nf3 Nc6 3. Nc3 g6 4. d3 Bg7 5. Bd2 h6 6. Be2 Nf6 7. O-O O-O 8. e5
Ng4 9. a3 Ngxe5 10. Nxe5 Nxe5 11. Qc1 g5 12. d4 Nc6 13. Be3 Nxd4 14. Bxd4 Bxd4
15. Ne4 d5 16. Ng3 Be5 17. Nh5 Bd7 18. Qe3 Bxb2 19. Rab1 Bf6 20. Rxb7 Bc6 21.
Rxa7 d4 22. Nxf6+ Qxf6 23. Qd3 Rxa7 24. Qc4 Bd5 25. Qc5 Rb7 26. Ba6 Rb6 27. Bd3
Rc6 28. Qa5 Bc4 29. g3 Bxd3 30. cxd3 Rc3 31. Qb5 Rxa3 32. f4 gxf4 33. Rxf4 Qg5
34. Qc4 e5 35. Rh4 Qe3+ 36. Kg2 Qxd3 37. Rg4+ Kh7 38. Qxc7 Qf3+ 39. Kh3 Qf5 40.
Qc5 Raa8 41. Kh4 Rg8 42. Rxd4 Qf6+ 43. Kh3 exd4 44. Qc2+ Qg6 45. Qc5 Qe4 46.
Qc4 Qe6+ 47. Qxe6 fxe6 48. Kg2 d3 49. Kf2 d2 50. Ke2 d1=Q+ 51. Kxd1 Ra2 52. Ke1
Rxh2 53. g4 Rxg4 54. Kf1 Ra4 55. Kg1 Rb2 56. Kf1 Ra1# 0-1

[Event "SR 5. liga SE-SI 2013/2014"]
[Site "?"]
[Date "2013.10.26"]
[Round "2.5"]
[White "Svarc, Vaclav"]
[Black "Jankovic, Frantisek"]
[Result "0-1"]
[WhiteElo "1000"]
[BlackElo "1000"]
[PlyCount "110"]
[EventDate "2013.??.??"]

1. e4 e5 2. Nc3 Nf6 3. Nf3 Nc6 4. Bb5 d6 5. d3 a6 6. Bxc6+ bxc6 7. O-O d5 8.
Nxe5 Qd6 9. Bf4 Qe6 10. Qf3 Bd6 11. Nxc6 Bxf4 12. Nxd5 Qxc6 13. Qxf4 Nxd5 14.
exd5 Qxd5 15. Rae1+ Be6 16. c4 Qxd3 17. Qe4 Qxe4 18. Rxe4 O-O 19. Rfe1 Rfe8 20.
Rd1 Rad8 21. Red4 Rxd4 22. Rxd4 Bxc4 23. h3 Bxa2 24. Rd7 c6 25. Ra7 Bc4 26. Rc7
Bb5 27. b3 Kf8 28. Kh2 f6 29. Kg3 Re2 30. Rc8+ Kf7 31. Rc7+ Kg6 32. Kf3 Rb2 33.
b4 Rxb4 34. g4 f5 35. gxf5+ Kxf5 36. Rf7+ Kg6 37. Rf4 Rxf4+ 38. Kxf4 a5 39. Ke3
Kg5 40. f4+ Kf5 41. h4 a4 42. Kd2 Kxf4 43. h5 Kg5 44. h6 Kxh6 45. Kc3 Kg5 46.
Kb4 h5 47. Kc3 a3 48. Kb3 h4 49. Kxa3 h3 50. Kb2 h2 51. Kc1 h1=Q+ 52. Kd2 Qf3
53. Ke1 Qg2 54. Kd1 Qf2 55. Kc1 Qe2 0-1

[Event "SR 5. liga SE-SI 2013/2014"]
[Site "?"]
[Date "2013.10.26"]
[Round "2.5"]
[White "Nater, Nikolas"]
[Black "Jocham, Matthias"]
[Result "1-0"]
[WhiteElo "1000"]
[BlackElo "1000"]
[PlyCount "51"]
[EventDate "2013.??.??"]

1. e4 e5 2. Nf3 Nf6 3. Nc3 Nc6 4. Bc4 Bc5 5. d3 d6 6. O-O Nd4 7. Nxd4 exd4 8.
Nd5 Ng4 9. Qf3 Qh4 10. h3 Ne3 11. Nxc7+ Ke7 12. Qxf7+ Kd8 13. Ne6+ Bxe6 14.
Qxe6 Qf4 15. Bb5 Kc7 16. Qd7+ Kb6 17. g3 Qf3 18. Bxe3 dxe3 19. fxe3 Qxg3+ 20.
Kh1 Bxe3 21. Rf7 Qg5 22. Qc7+ Kxb5 23. Qxb7+ Kc5 24. Rf5+ Kd4 25. Rd5+ Qxd5 26.
Qxd5# 1-0

[Event "SR 5. liga SE-SI 2013/2014"]
[Site "?"]
[Date "2013.11.09"]
[Round "3.1"]
[White "Kanka, Tomas"]
[Black "Diviak, Rudolf"]
[Result "1/2-1/2"]
[WhiteElo "1688"]
[BlackElo "1797"]
[PlyCount "40"]
[EventDate "2013.??.??"]

1. Nc3 Nf6 2. e4 d6 3. d4 g6 4. Be2 Bg7 5. Nf3 c6 6. O-O b5 7. e5 dxe5 8. dxe5
Qxd1 9. Rxd1 Ng4 10. Bf4 Nd7 11. Nxb5 cxb5 12. Bxb5 Rb8 13. Bxd7+ Bxd7 14. e6
Rxb2 15. exd7+ Kd8 16. h3 Nxf2 17. Ne5 Nxd1 18. Rxd1 Bxe5 19. Bxe5 Rxc2 20.
Bxh8 f6 1/2-1/2

[Event "SR 5. liga SE-SI 2013/2014"]
[Site "?"]
[Date "2013.11.09"]
[Round "3.1"]
[White "Trojkova, Michaela"]
[Black "Klimes, Juraj"]
[Result "1/2-1/2"]
[WhiteElo "1455"]
[BlackElo "1571"]
[PlyCount "68"]
[EventDate "2013.??.??"]

1. e4 d6 2. d4 g6 3. Nf3 Bg7 4. Nc3 Nf6 5. Be3 Nbd7 6. Be2 O-O 7. O-O c5 8.
dxc5 Nxc5 9. Bd3 Qa5 10. a3 Na4 11. Nxa4 Qxa4 12. c3 Qc6 13. Qc2 Ng4 14. Nd4
Qc5 15. Qd2 Qa5 16. h3 Ne5 17. f4 Nxd3 18. Qxd3 f5 19. Qc4+ Kh8 20. Ne6 Bxe6
21. Qxe6 fxe4 22. Qxe4 Qb5 23. Rab1 e6 24. Rfe1 Rae8 25. Bd4 e5 26. fxe5 Bxe5
27. Bxe5+ Rxe5 28. Qd4 Rfe8 29. Rxe5 Qxe5 30. Qxa7 Qe4 31. Qd4+ Qxd4+ 32. cxd4
Re2 33. Rd1 Rxb2 34. Rd3 Kg7 1/2-1/2

[Event "SR 5. liga SE-SI 2013/2014"]
[Site "?"]
[Date "2013.11.09"]
[Round "3.1"]
[White "Rajec, Matus"]
[Black "Ulehla, Jakub"]
[Result "1/2-1/2"]
[WhiteElo "1060"]
[BlackElo "1111"]
[PlyCount "43"]
[EventDate "2013.??.??"]

1. e4 e5 2. Nf3 Nc6 3. Bb5 a6 4. Bxc6 dxc6 5. d3 Bd6 6. O-O Nf6 7. h3 O-O 8.
Nbd2 Bd7 9. Nc4 Qe7 10. Nxd6 cxd6 11. Re1 Rfe8 12. Bg5 Rad8 13. c4 c5 14. a3 b5
15. b3 Bc6 16. a4 Qe6 17. Qd2 b4 18. Rad1 a5 19. Rb1 Rc8 20. Rbc1 Nd7 21. Rb1
Nb6 22. Be3 1/2-1/2

[Event "SR 5. liga SE-SI 2013/2014"]
[Site "?"]
[Date "2013.11.09"]
[Round "3.1"]
[White "Kaufman, Robert"]
[Black "Halas, Ondrej"]
[Result "1/2-1/2"]
[WhiteElo "1054"]
[BlackElo "1000"]
[PlyCount "105"]
[EventDate "2013.??.??"]

1. e4 e6 2. Nf3 Nf6 3. Nc3 c6 4. Be2 d5 5. e5 Ne4 6. d3 Nxc3 7. bxc3 Qb6 8. O-O
g6 9. d4 Nd7 10. Bg5 Bg7 11. Qd2 h6 12. Be3 f6 13. Rfd1 c5 14. Nh4 fxe5 15.
dxc5 Nxc5 16. Nxg6 Rg8 17. Bxh6 Ne4 18. Qe3 Qxe3 19. Bxe3 Bd7 20. a4 Nxc3 21.
Re1 Nxe2+ 22. Rxe2 e4 23. a5 Bxa1 24. Nf4 Rc8 25. Bxa7 Bc3 26. Nh5 Bb5 27. Re3
Rg5 28. Nf4 Bd2 29. Rh3 Rxc2 30. Rh8+ Kf7 31. h4 Rg4 32. Rh7+ Ke8 33. Bb6 Bxf4
34. g3 Be5 35. Rxb7 d4 36. Bxd4 Bxd4 37. Rxb5 Bxf2+ 38. Kg2 Bxg3+ 39. Kh3 Rxh4+
40. Kxg3 Rh7 41. Re5 Rg7+ 42. Kf4 Rf2+ 43. Ke3 Ra2 44. Kxe4 Ra4+ 45. Kf3 Rf7+
46. Ke3 Rh7 47. Kf3 Rf7+ 48. Ke3 Ra3+ 49. Ke4 Rb7 50. Kf4 Rb4+ 51. Kg5 Rg3+ 52.
Kf6 Rf3+ 53. Kxe6 1/2-1/2

[Event "SR 5. liga SE-SI 2013/2014"]
[Site "?"]
[Date "2013.11.09"]
[Round "3.1"]
[White "Babic, Stefan"]
[Black "Vyskocil, Richard"]
[Result "1-0"]
[WhiteElo "1111"]
[BlackElo "1000"]
[PlyCount "75"]
[EventDate "2013.??.??"]

1. d4 d5 2. Nc3 e6 3. e4 Nf6 4. e5 Nfd7 5. Nf3 Bb4 6. Bd2 O-O 7. Nb5 Bxd2+ 8.
Qxd2 c6 9. Nd6 Na6 10. a3 f6 11. Be2 Nc7 12. O-O fxe5 13. Nxe5 Nxe5 14. dxe5
Ne8 15. Nxe8 Qxe8 16. Bd3 g6 17. c4 dxc4 18. Bxc4 b5 19. Ba2 Ba6 20. Rfe1 Rd8
21. Qa5 Bc8 22. Rad1 Rxd1 23. Rxd1 Qf7 24. f3 Qf5 25. Qxa7 Qxe5 26. Qb6 Bd7 27.
b4 Qb2 28. Qc7 Be8 29. Bxe6+ Bf7 30. Qe7 Bxe6 31. Qxe6+ Kg7 32. Rd7+ Kh6 33.
Qe3+ g5 34. Rd6+ Kh5 35. g4+ Kh4 36. Qf2+ Qxf2+ 37. Kxf2 Rc8 38. Rh6# 1-0

[Event "SR 5. liga SE-SI 2013/2014"]
[Site "?"]
[Date "2013.11.09"]
[Round "3.2"]
[White "Jarabek, Milan"]
[Black "Mysicka, Miroslav"]
[Result "1-0"]
[WhiteElo "1744"]
[BlackElo "1853"]
[PlyCount "71"]
[EventDate "2013.??.??"]

1. e4 e5 2. d4 exd4 3. c3 dxc3 4. Bc4 cxb2 5. Bxb2 d5 6. Bxd5 Bb4+ 7. Nc3 Bxc3+
8. Bxc3 Nf6 9. Nf3 O-O 10. O-O c6 11. Bxf7+ Kxf7 12. Qb3+ Ke8 13. Rad1 Qe7 14.
Bb4 c5 15. Bxc5 Be6 16. Qa3 Qc7 17. Bxf8 Nc6 18. Ng5 Bc4 19. Rfe1 h6 20. e5 Nd5
21. Ne6 Qf7 22. Nxg7+ Kd8 23. Qd6+ Kc8 24. e6 Qc7 25. Qxc7+ Kxc7 26. e7 Ndxe7
27. Bxe7 Bxa2 28. f4 a5 29. f5 a4 30. f6 a3 31. Ra1 Bc4 32. Rxa3 Rxa3 33. Bxa3
b5 34. Rc1 Kd7 35. Rxc4 bxc4 36. f7 1-0

[Event "SR 5. liga SE-SI 2013/2014"]
[Site "?"]
[Date "2013.11.09"]
[Round "3.2"]
[White "Sukopcak, Miroslav"]
[Black "Zlamal, Marek"]
[Result "0-1"]
[WhiteElo "1668"]
[BlackElo "1638"]
[PlyCount "82"]
[EventDate "2013.??.??"]

1. e4 c5 2. c3 e6 3. d4 d5 4. e5 Nc6 5. Be3 cxd4 6. cxd4 Bb4+ 7. Nc3 a6 8. Nf3
h6 9. Bd3 Nge7 10. a3 Ba5 11. b4 Bb6 12. O-O Nf5 13. Bxf5 exf5 14. Qb3 Be6 15.
b5 Na5 16. Qb4 Nc4 17. a4 a5 18. Qb1 O-O 19. Ne2 f6 20. Nf4 Qd7 21. Re1 g5 22.
Nxe6 Qxe6 23. exf6 Qxf6 24. Qd1 Rfe8 25. Ne5 Re7 26. Qf3 Rd8 27. Ra2 Nxe5 28.
dxe5 Rxe5 29. Rae2 Bxe3 30. Rxe3 Rde8 31. Kf1 Kg7 32. Rxe5 Rxe5 33. Rc1 Kg6 34.
Qc3 Re7 35. Qxa5 Qd6 36. Kg1 d4 37. Rd1 d3 38. g3 Re2 39. Kf1 Qd5 40. Kg1 d2
41. Kf1 Qf3 0-1

[Event "SR 5. liga SE-SI 2013/2014"]
[Site "?"]
[Date "2013.11.09"]
[Round "3.2"]
[White "Antalek, Rudolf"]
[Black "Lauko, Tomas"]
[Result "0-1"]
[WhiteElo "1533"]
[BlackElo "1421"]
[PlyCount "102"]
[EventDate "2013.??.??"]

1. e4 d5 2. exd5 Qxd5 3. Nc3 Qa5 4. d4 Nc6 5. Nf3 Nb4 6. Be3 Bf5 7. Bd3 Nxd3+
8. cxd3 e6 9. O-O Bb4 10. Qc2 Nf6 11. Rfc1 Bxc3 12. Qxc3 Qxc3 13. Rxc3 Nd5 14.
Rb3 b6 15. Rc1 O-O 16. Kf1 a5 17. Ke2 a4 18. Rb5 Rfc8 19. Ne5 f6 20. Nc6 Kf8
21. Rc4 Bg6 22. Nb4 Be8 23. Rxd5 exd5 24. Nxd5 Bf7 25. Nxc7 Bxc4 26. Nxa8 Bxd3+
27. Kxd3 Rxa8 28. Bd2 Ke7 29. Bb4+ Ke6 30. Ke4 f5+ 31. Kf4 Rd8 32. Ke3 g5 33.
Bd2 h6 34. Kd3 Rc8 35. Be3 Kd5 36. Bd2 Rc4 37. Bc3 b5 38. a3 f4 39. f3 h5 40.
h3 Rc6 41. Bd2 Re6 42. Bc3 Re3+ 43. Kd2 Kc4 44. d5 Rd3+ 45. Kc2 Rxd5 46. Bf6 b4
47. axb4 Kxb4 48. Be7+ Kc4 49. Bf6 Rf5 50. Bd8 Re5 51. Kd2 Rd5+ 0-1

[Event "SR 5. liga SE-SI 2013/2014"]
[Site "?"]
[Date "2013.11.09"]
[Round "3.2"]
[White "Rehak, Miroslav"]
[Black "Uhliarik, Adam"]
[Result "0-1"]
[WhiteElo "1438"]
[BlackElo "1000"]
[PlyCount "100"]
[EventDate "2013.??.??"]

1. e4 e5 2. Nf3 Nc6 3. d4 exd4 4. Nxd4 Bc5 5. Nxc6 Qf6 6. Qe2 Qxc6 7. Nd2 Nf6
8. g3 d6 9. Bg2 O-O 10. O-O Bg4 11. Qd3 Nd7 12. c3 a5 13. Nb3 Rfe8 14. Nxc5
Nxc5 15. Qd5 Qxd5 16. exd5 Be2 17. Re1 Nd3 18. Be3 Nxe1 19. Rxe1 Bc4 20. b3 Bd3
21. Rd1 Bg6 22. Rd2 a4 23. b4 Rac8 24. Bh3 Rcd8 25. a3 c6 26. dxc6 bxc6 27. Bb6
Re1+ 28. Bf1 Rd7 29. Kg2 d5 30. b5 Rb7 31. Bc5 cxb5 32. Rb2 Be4+ 33. f3 Bxf3+
34. Kf2 Rc1 35. Bb4 f6 36. Rd2 Rd1 37. Rb2 Bg4 38. Be2 Bxe2 39. Kxe2 Rh1 40.
Kd3 g5 41. Rd2 f5 42. Kd4 f4 43. gxf4 gxf4 44. Rf2 Rf7 45. Kxd5 f3 46. c4 bxc4
47. Kxc4 h5 48. Kb5 Rf5+ 49. Kxa4 Rxh2 50. Rf1 f2 0-1

[Event "SR 5. liga SE-SI 2013/2014"]
[Site "?"]
[Date "2013.11.09"]
[Round "3.2"]
[White "Parizek, Ondrej"]
[Black "Drozd, Jan"]
[Result "0-1"]
[WhiteElo "1000"]
[BlackElo "1574"]
[PlyCount "49"]
[EventDate "2013.??.??"]

1. e4 c5 2. Nf3 e6 3. Bc4 Nc6 4. Nc3 a6 5. d3 b5 6. Bb3 Nf6 7. e5 Ng4 8. O-O
Ngxe5 9. Bf4 Ng6 10. Bg3 Be7 11. Qd2 O-O 12. Rae1 d5 13. Bf4 Nxf4 14. Qxf4 Bd6
15. Qg4 e5 16. Qh5 c4 17. Ng5 h6 18. dxc4 dxc4 19. Nge4 cxb3 20. cxb3 Nd4 21.
Nxd6 Qxd6 22. Rxe5 Ne6 23. Rd1 Qc6 24. a4 Bb7 25. Qh3 0-1

[Event "SR 5. liga SE-SI 2013/2014"]
[Site "?"]
[Date "2013.11.09"]
[Round "3.3"]
[White "Brunovsky, Peter"]
[Black "Benak, Peter"]
[Result "1/2-1/2"]
[WhiteElo "1829"]
[BlackElo "1601"]
[PlyCount "43"]
[EventDate "2013.??.??"]

1. e4 Nf6 2. Nc3 d5 3. exd5 Nxd5 4. Nxd5 Qxd5 5. Qf3 Qxf3 6. Nxf3 Bf5 7. c3 Nd7
8. d4 O-O-O 9. Bc4 e6 10. Bf4 Bd6 11. Bxd6 cxd6 12. O-O h6 13. a4 a6 14. a5 d5
15. Be2 Bg4 16. Rfe1 Bxf3 17. Bxf3 Rhe8 18. b4 Kb8 19. b5 Rc8 20. bxa6 bxa6 21.
Rab1+ Ka7 22. c4 1/2-1/2

[Event "SR 5. liga SE-SI 2013/2014"]
[Site "?"]
[Date "2013.11.09"]
[Round "3.3"]
[White "Sladek, Michal"]
[Black "Valla, Tomas"]
[Result "1/2-1/2"]
[WhiteElo "1241"]
[BlackElo "1814"]
[PlyCount "28"]
[EventDate "2013.??.??"]

1. e4 c5 2. Bc4 Nc6 3. Nf3 g6 4. d3 Bg7 5. O-O e6 6. Bd2 Nge7 7. Bc3 O-O 8.
Bxg7 Kxg7 9. Qe1 d5 10. Bb3 b6 11. c4 d4 12. a3 e5 13. h3 Ng8 14. Ba4 Nce7
1/2-1/2

[Event "SR 5. liga SE-SI 2013/2014"]
[Site "?"]
[Date "2013.11.09"]
[Round "3.3"]
[White "Zajicek, Ferdinand"]
[Black "Cambal, Peter"]
[Result "1-0"]
[WhiteElo "1823"]
[BlackElo "1014"]
[PlyCount "59"]
[EventDate "2013.??.??"]

1. e4 c5 2. Nf3 d6 3. Nc3 Nf6 4. a3 Qa5 5. Bc4 e6 6. O-O a6 7. d3 b5 8. Bb3 Bb7
9. Bd2 Qc7 10. Re1 Nbd7 11. Bf4 Nh5 12. Bg5 h6 13. Bh4 g6 14. Bg3 Nxg3 15. fxg3
Bg7 16. Qd2 O-O 17. Rf1 Rfd8 18. Qf4 Nb6 19. Rf2 c4 20. Ba2 d5 21. Qxc7 cxd3
22. cxd3 dxe4 23. dxe4 Na4 24. Qxb7 Nxb2 25. Nh4 Rf8 26. Ne2 Nd3 27. Rxf7 Bxa1
28. Bxe6 Bg7 29. Rxg7+ Kh8 30. Nxg6# 1-0

[Event "SR 5. liga SE-SI 2013/2014"]
[Site "?"]
[Date "2013.11.09"]
[Round "3.3"]
[White "Svrcek, Daniel"]
[Black "Kastler, Peter"]
[Result "0-1"]
[WhiteElo "1000"]
[BlackElo "1710"]
[PlyCount "120"]
[EventDate "2013.??.??"]

1. e4 e6 2. d4 d5 3. Nc3 dxe4 4. Nxe4 Nd7 5. Nf3 Ngf6 6. Nxf6+ Nxf6 7. Bg5 Be7
8. Bd3 O-O 9. O-O b6 10. Qe2 Bb7 11. c3 Re8 12. Rac1 h6 13. Bxf6 Bxf6 14. Qe3
Qd6 15. Rfd1 Qe7 16. Bc2 Rad8 17. Qd3 g6 18. Re1 c5 19. Ba4 Rf8 20. Qe3 cxd4
21. cxd4 Bxf3 22. Qxf3 Rxd4 23. Bb3 Rfd8 24. Qe3 Bg5 25. Qe2 Bxc1 26. Rxc1 Qg5
27. Rf1 Rd2 28. Qf3 Rxb2 29. h3 Rbd2 30. Kh1 R2d3 31. Qe2 Qb5 32. Kg1 Rxb3 33.
Qxb5 Rxb5 34. g3 Rbd5 35. Kg2 Rd1 36. Rxd1 Rxd1 37. g4 Ra1 38. Kg3 Rxa2 39. f3
g5 40. f4 gxf4+ 41. Kxf4 Kg7 42. Kg3 Kg6 43. h4 f5 44. h5+ Kg5 45. gxf5 Kxf5
46. Kf3 Ra3+ 47. Ke2 Kf4 48. Kd2 Ke4 49. Kc2 Kd4 50. Kb2 Rh3 51. Kc2 Rg3 52.
Kb2 Kc4 53. Kc2 Rg2+ 54. Kd1 Kc3 55. Ke1 Kd3 56. Kf1 Ra2 57. Ke1 Rb2 58. Kf1
Ke3 59. Kg1 Kf3 60. Kh1 Kg3 0-1